Statistiques concernant Personnages de dessins animés en images - F

Cliquez ici pour prendre le quiz!

Statistiques générales

  • Ce quiz a été pris 506 fois
  • Le résultat moyen est 10 sur 16

Statistiques - réponses

Réponse% Correct
Flash Slothmore
97%
Fiona
95%
Franklin
93%
Flash McQueen
89%
Fifi
75%
Ferb Fletcher
71%
Flynn Rider
65%
Frankenstein
65%
Falbala
60%
Flora
55%
Félix Fix Jr
46%
Flèche
46%
Frozone
39%
Ferdinand
37%
Frollo
30%
Félix le Chat
21%

Distribution des résultats

Percentile par nombre de réponses

% des personnes avec chaque résultat

Votre développement - résultats

Vous n’avez pas pris ce quiz